Finite simple groups : an introduction to their classification /
Guardado en:
| Autor Principal: | |
|---|---|
| Formato: | Libro |
| Idioma: | English |
| Publicado: |
New York :
Plenum Press,
c1982.
|
| Series: | University series in mathematics (Plenum Press)
|
| Materias: | |
| Etiquetas: |
Agregar Etiqueta
Sin Etiquetas, Sea el primero en etiquetar este registro!
|
| LEADER | 00975pam a2200241 a 4500 | ||
|---|---|---|---|
| 001 | MAT.inmabb007136 | ||
| 008 | 820104s1982####nyu######b####001#0#eng## | ||
| 005 | 20180801113259.0 | ||
| 245 | 1 | 0 | |a Finite simple groups : |b an introduction to their classification / |c Daniel Gorenstein. |
| 260 | |a New York : |b Plenum Press, |c c1982. | ||
| 300 | |a x, 333 p. ; |c 24 cm. | ||
| 490 | 1 | |a The University series in mathematics | |
| 504 | |a Incluye referencias bibliográficas (p. 315-325) e índice. | ||
| 505 | 0 | |a 1. Local analysis and the four phases of the classification -- 2. The known simple groups -- 3. Recognition theorems -- 4. General techniques of local analysis. | |
| 510 | 4 | |a MR, |c 84j:20002 | |
| 020 | |a 0306407795 | ||
| 100 | 1 | |a Gorenstein, Daniel. | |
| 830 | 0 | |a University series in mathematics (Plenum Press) | |
| 650 | 0 | |a Finite simple groups. | |
| 084 | |a 20-02 (20D05) |2 msc2010 | ||
| 010 | |a 81023414 | ||
| 040 | |a DLC |c DLC |d DLC | ||
| 859 | |h 20 |i G666 |p A-9211 |b BIB. MATEMATICA | ||
